000 00574cam a2200229 4500
001 J3589
008 090401t1996 xxu||||| |||| 00| 0 eng d
035 _a(Sirsi) u55970
041 _aeng
050 _a333.33709421
110 _aChesterton
_92357
245 _aAnnual bulletin : Central London offices 1995.
260 _aLondon
_bChesterton
_c1996
300 _a1 pt. ; 30cm.
350 _a0
650 _aCENTRAL LONDON
650 _aFLOORSPACE STATISTICS
650 _aOFFICES
690 _aPROPERTY-COMMERCIAL PROPERTY
942 _n0
948 _c04/03/1997
999 _c93697
_d93697